00363pab a2200133 454500008004000000100001800040245004500058260000900103300001400112650002600126650003100152650002300183773002300206180718b2001 xxu||||| |||| 00| 0 eng d aKripa Shankar aIndian economic crisis and globalisation c2001 ap.99-103. aGlobalization - India aEconomic recession - India aEconomic recession aMainstream, Annual